Statistics for FIFA 23 RANDOM PLAYERS COUNTRY QUIZ #14

Click here to take the quiz!

General Stats

  • This quiz has been taken 14 times
  • The average score is 15 of 20

Answer Stats

HintAnswer% Correct
Alphonso DaviesCanada
100%
Michael OwenEngland
100%
Gianfranco ZolaItaly
100%
Landon DonovanUSA
100%
Christopher NkunkuFrance
92%
Marcel DesaillyFrance
92%
Niclas FüllkrugGermany
92%
Ferran TorresSpain
92%
Jesús NavasSpain
85%
FelipeBrazil
77%
Bartłomiej DrągowskiPoland
77%
Ian RushWales
77%
Mike MaignanFrance
69%
Tim KleindienstGermany
69%
Geoffrey KondogbiaCentral African Republic
62%
Jurriën TimberNetherlands
62%
DeulofeuSpain
62%
Thiago AlmadaArgentina
38%
Gonzalo PlataEcuador
38%
Arnaud BodartBelgium
15%

Score Distribution

Percentile by Number Answered

Percent of People with Each Score

Your Score History

You have not taken this quiz